|
|
|
|
| LEADER |
01463nam a2200397 a 4500 |
| 001 |
000481733 |
| 003 |
CZ BrMZK |
| 005 |
20251110153609.0 |
| 007 |
ta |
| 008 |
000115s1999 xo e 0 slo d |
| 020 |
|
|
|a 80-967753-3-2
|q (brožováno)
|
| 040 |
|
|
|a BOA001
|b cze
|
| 043 |
|
|
|a e-xo---
|
| 045 |
|
|
|a x3x3
|
| 072 |
|
7 |
|a 323
|x Vnitropolitický vývoj, politický život
|2 Konspekt
|9 15
|
| 080 |
|
|
|a 323.12(=411.16)
|2 MRF
|
| 080 |
|
|
|a 323.28
|2 MRF
|
| 080 |
|
|
|a (=411.16)
|2 MRF
|
| 080 |
|
|
|a (437.6)
|2 MRF
|
| 080 |
|
|
|a (048.8)
|2 MRF
|
| 100 |
1 |
|
|a Nižňanský, Eduard,
|d 1955-
|7 jn20010601871
|4 aut
|
| 245 |
1 |
0 |
|a Židovská komunita na Slovensku medzi československou parlamentnou demokraciou a slovenským štátom v stredoeurópskom kontexte /
|c Eduard Nižňanský
|
| 250 |
|
|
|a Vyd. 1.
|
| 260 |
|
|
|a Prešov :
|b Universum,
|c 1999
|
| 300 |
|
|
|a 293 s. ;
|c 21 cm
|
| 500 |
|
|
|a Bibliogr. - Souhrn něm.
|
| 541 |
|
|
|a Nitra, Doc. Eduard Nižňanský,Katedra histórie FF UKF
|
| 648 |
|
7 |
|a 1938-1939
|7 ch460652
|
| 650 |
0 |
7 |
|a antisemitismus
|7 ph118516
|z Slovensko
|2 czenas
|
| 650 |
0 |
7 |
|a Židé
|7 ph127782
|z Slovensko
|y 1938-1939
|2 czenas
|
| 650 |
0 |
7 |
|a Židé
|7 ph127782
|x perzekuce
|2 czenas
|
| 651 |
|
7 |
|a Slovenský štát (1939-1945)
|7 ge137395
|2 czenas
|
| 655 |
|
7 |
|a studie
|7 fd133597
|2 czenas
|
| 910 |
|
|
|a BOA001
|b 2-1073.582
|b KPB-0001.378
|
| 990 |
|
|
|a BK
|
| 996 |
7 |
|
|b 2610116156
|c 2-1073.582
|l MZK
|r Sklad / do 1 hodiny
|n 7
|p dar
|w 000481733
|u 000010
|a 1
|e BOA001
|j MZK50
|s A
|